Statistics for F.A. Cup Winners

Click here to take the quiz!

General Stats

  • This quiz has been taken 1,124 times
  • The average score is 103 of 132

Answer Stats

Season Winner % Correct
1964/65Liverpool
98%
1929/30Arsenal
98%
1947/48Manchester United
98%
1903/04Manchester City
97%
1969/70Chelsea
97%
1905/06Everton
93%
1900/01Tottenham Hotspur
93%
1886/87Aston Villa
89%
1963/64West Ham United
88%
1909/10Newcastle United
88%
2012/13Wigan Athletic
86%
1938/39Portsmouth
86%
1971/72Leeds United
85%
1936/37Sunderland
84%
1975/76Southampton
80%
1897/98Nottingham Forest
78%
1987/88Wimbledon
76%
1922/23Bolton Wanderers
76%
1892/93Wolverhampton Wanderers
76%
1887/88West Bromwich Albion
75%
1895/96The Wednesday
73%
1926/27Cardiff City
72%
1934/35Sheffield Wednesday
72%
1898/99Sheffield United
71%
1977/78Ipswich Town
71%
1945/46Derby County
69%
1888/89Preston North End
67%
1952/53Blackpool
66%
1986/87Coventry City
66%
1913/14Burnley
65%
1946/47Charlton Athletic
59%
1921/22Huddersfield Town
55%
1910/11Bradford City
53%
1908/09Manchester United
52%
1893/94Notts County
52%
1911/12Barnsley
43%
1899/1900Bury
42%
1883/84Blackburn Rovers
40%
1873/74Oxford University
36%
1871/72Wanderers
36%
1874/75Royal Engineers
28%
1878/79Old Etonians
27%
1882/83Blackburn Olympic
19%
1880/81Old Carthusians
14%
1879/80Clapham Rovers
13%

Score Distribution

Percentile by Number Answered

Percent of People with Each Score

Your Score History

You have not taken this quiz